[Event "Buenaventura sf2 U16 Girls"]
[Site "Buenaventura"]
[Date "2017.03.18"]
[Round "3.1"]
[White "Henao Garcia, Estefania"]
[Black "Espana Londono, Angie Lorena"]
[Result "0-1"]
[WhiteElo "1316"]
[BlackElo "1622"]
[PlyCount "40"]
[EventDate "2017.03.17"]
[EventType "swiss"]
[EventRounds "5"]
[EventCountry "COL"]
[SourceTitle "EXT 2024"]
[Source "ChessBase"]
[SourceDate "2023.10.10"]
[SourceVersion "1"]
[SourceVersionDate "2023.10.10"]
[SourceQuality "1"]

1. e4 c5 2. Nf3 Nc6 3. d4 cxd4 4. Nxd4 e5 5. Nxc6 bxc6 6. Bc4 Nf6 7. Bg5 Be7 8. Nc3 0-0 9. Qf3 h6 10. Bh4 Bb7 11. 0-0 Nxe4 12. Bxe7 Qxe7 13. Qxe4 d5 14. Bxd5 cxd5 15. Nxd5 Qd7 16. Rad1 Rad8 17. c4 Qe6 18. Nf6+ gxf6 19. Qxb7 Qxc4 20. Qxa7 Ra8 0-1

[Event "COL-ch U16 Girls"]
[Site "Bogota"]
[Date "2016.06.18"]
[Round "8"]
[White "Toro Castaneda, Elizabeth"]
[Black "Espana Londono, Angie Lorena"]
[Result "1/2-1/2"]
[WhiteElo "1792"]
[BlackElo "1628"]
[PlyCount "130"]
[EventDate "2016.06.14"]
[EventType "tourn"]
[EventRounds "9"]
[EventCountry "COL"]
[SourceTitle "EXT 2018"]
[Source "ChessBase"]
[SourceDate "2017.10.13"]
[SourceVersion "1"]
[SourceVersionDate "2017.10.13"]
[SourceQuality "1"]

1. e4 c5 2. Nf3 Nc6 3. d4 cxd4 4. Nxd4 e5 5. Nb5 a6 6. Nd6+ Bxd6 7. Qxd6 Qf6 8. Qxf6 Nxf6 9. Bd3 0-0 10. 0-0 d5 11. exd5 Nxd5 12. c3 Kh8 13. Nd2 Be6 14. Re1 Rad8 15. Bb1 Nf4 16. Nf3 Nd3 17. Bxd3 Rxd3 18. Be3 f6 19. h3 Rfd8 20. Rec1 Ne7 21. c4 Rc8 22. b3 Nf5 23. Bb6 Rc6 24. Ba5 Nd4 25. Nxd4 Rxd4 26. Kf1 Rcd6 27. Be1 Kg8 28. Ke2 Kf7 29. Rc3 Rd7 30. Rac1 Bf5 31. f3 h6 32. b4 e4 33. f4 Be6 34. a3 Rd3 35. R1c2 f5 36. Bd2 R7d4 37. c5 Rxc3 38. Rxc3 Bc4+ 39. Ke1 Bb5 40. Rc1 Rd3 41. Ra1 g5 42. fxg5 hxg5 43. Bxg5 Rg3 44. h4 Rxg2 45. Rd1 Re2+ 46. Kf1 Ra2+ 47. Kg1 Rxa3 48. Rd6 Rf3 49. Rf6+ Kg7 50. Re6 Bc6 51. Kg2 Rb3 52. h5 e3+ 53. Kf1 e2+ 54. Kxe2 Bf3+ 55. Kf2 Bxh5 56. Bd2 f4 57. Re7+ Kf6 58. Rxb7 Be8 59. Bxf4 Rf3+ 60. Kxf3 Bc6+ 61. Ke3 Bxb7 62. Kd4 Ke6 63. Kc3 Kd5 64. Kb3 Kc6 65. Ka4 Kd5 1/2-1/2

[Event "COL-ch U16 Girls"]
[Site "Bogota"]
[Date "2016.06.17"]
[Round "6"]
[White "Espana Londono, Angie Lorena"]
[Black "Gomez Guardo, Laura Melissa"]
[Result "1-0"]
[WhiteElo "1628"]
[BlackElo "1783"]
[PlyCount "103"]
[EventDate "2016.06.14"]
[EventType "tourn"]
[EventRounds "9"]
[EventCountry "COL"]
[SourceTitle "EXT 2018"]
[Source "ChessBase"]
[SourceDate "2017.10.13"]
[SourceVersion "1"]
[SourceVersionDate "2017.10.13"]
[SourceQuality "1"]

1. b3 e5 2. Bb2 Nc6 3. g3 d5 4. Bg2 Nf6 5. d3 Bc5 6. e3 h5 7. h3 Bf5 8. Nd2 a6 9. Ngf3 Bd6 10. e4 dxe4 11. dxe4 Be6 12. Qe2 Qe7 13. Nc4 Bxc4 14. Qxc4 Nd7 15. a3 Nb6 16. Qe2 0-0-0 17. 0-0 Kb8 18. b4 Na4 19. b5 Nd4 20. Bxd4 exd4 21. bxa6 Nc3 22. Qc4 Qe6 23. Qxe6 fxe6 24. Nxd4 Be5 25. Nxe6 Rd6 26. f4 Ne2+ 27. Kf2 Rxe6 28. fxe5 Nc3 29. axb7 Kxb7 30. Ke3 Rg6 31. Rf3 Na4 32. Rb1+ Kc6 33. Bf1 Nb6 34. Kf2 Ra8 35. Rc3+ Kb7 36. Bc4 Rf8+ 37. Kg2 Ka7 38. Be2 Kb7 39. Bxh5 Rg5 40. Bf3 Rxe5 41. Rcb3 Kc6 42. h4 Ra8 43. Be2 Kd6 44. Rh1 Ra4 45. Bd3 Ke7 46. Rc3 c5 47. Rb1 Re6 48. Rxc5 Rxa3 49. Rc7+ Kf6 50. e5+ Kxe5 51. Re1+ Kd6 52. Rxe6+ 1-0

[Event "COL-ch U16 Girls"]
[Site "Bogota"]
[Date "2016.06.16"]
[Round "4"]
[White "Espana Londono, Angie Lorena"]
[Black "Pinillo Canon, Silvana"]
[Result "1/2-1/2"]
[WhiteElo "1628"]
[BlackElo "1624"]
[PlyCount "88"]
[EventDate "2016.06.14"]
[EventType "tourn"]
[EventRounds "9"]
[EventCountry "COL"]
[SourceTitle "EXT 2018"]
[Source "ChessBase"]
[SourceDate "2017.10.13"]
[SourceVersion "1"]
[SourceVersionDate "2017.10.13"]
[SourceQuality "1"]

1. b3 e5 2. Bb2 Nc6 3. g3 d5 4. Bg2 Nf6 5. e3 Bf5 6. d3 Bc5 7. Ne2 Qd7 8. a3 a5 9. Nd2 0-0 10. Nf3 Rfe8 11. 0-0 Bh3 12. Kh1 Bxg2+ 13. Kxg2 h6 14. Nxe5 Nxe5 15. Bxe5 Rxe5 16. d4 Bxd4 17. exd4 Re7 18. Nc3 Rae8 19. Qd2 b6 20. Rfe1 Ne4 21. Nxe4 Rxe4 22. Rxe4 Rxe4 23. Re1 Rxe1 24. Qxe1 Qe6 25. Qxe6 fxe6 26. Kf3 Kf7 27. Kf4 Kf6 28. h4 g5+ 29. hxg5+ hxg5+ 30. Kg4 c5 31. dxc5 bxc5 32. Kf3 Kf5 33. Ke3 e5 34. c3 Ke6 35. f4 gxf4+ 36. gxf4 exf4+ 37. Kxf4 Kd6 38. Ke3 Ke5 39. Kd3 Kd6 40. b4 cxb4 41. cxb4 axb4 42. axb4 Kc6 43. Kd4 Kb5 44. Kxd5 Kxb4 1/2-1/2

[Event "COL-ch U16 sf1 Girls"]
[Site "Ibague"]
[Date "2016.04.16"]
[Round "5.2"]
[White "Viveros Torres, Erica Johana"]
[Black "Espana Londono, Angie Lorena"]
[Result "0-1"]
[WhiteElo "1814"]
[BlackElo "1558"]
[PlyCount "40"]
[EventDate "2016.04.14"]
[EventType "swiss"]
[EventRounds "6"]
[EventCountry "COL"]
[SourceTitle "EXT 2024"]
[Source "ChessBase"]
[SourceDate "2023.10.10"]
[SourceVersion "1"]
[SourceVersionDate "2023.10.10"]
[SourceQuality "1"]

1. e4 d6 2. d4 Nf6 3. Nc3 e5 4. d5 Be7 5. f3 Nbd7 6. Be3 a6 7. a4 h6 8. Nge2 Nb6 9. b3 Bd7 10. Qd2 Rc8 11. a5 Na8 12. Na4 Nh7 13. c4 Bg5 14. Ng3 Qe7 15. Bd3 0-0 16. 0-0 g6 17. f4 exf4 18. Bxf4 Bf6 19. Ra2 Bd4+ 20. Be3 Qe5 0-1

[Event "COL-ch U16 Girls final"]
[Site "Medellin"]
[Date "2016.04.14"]
[Round "6"]
[White "Cayon, Laura Valentina"]
[Black "Espana Londono, Angie Lorena"]
[Result "1-0"]
[WhiteElo "1648"]
[BlackElo "1632"]
[PlyCount "53"]
[EventDate "2016.04.11"]
[EventType "tourn"]
[EventRounds "9"]
[EventCountry "COL"]
[SourceTitle "EXT 2018"]
[Source "ChessBase"]
[SourceDate "2017.10.13"]
[SourceVersion "1"]
[SourceVersionDate "2017.10.13"]
[SourceQuality "1"]

1. d4 Nf6 2. Nf3 d5 3. Bf4 c5 4. e3 Nc6 5. Nbd2 Bg4 6. c3 e6 7. Qa4 Bxf3 8. Nxf3 Bd6 9. Ba6 bxa6 10. Qxc6+ Ke7 11. Qb7+ Nd7 12. Bxd6+ Kxd6 13. Qxa6+ Qb6 14. Qa3 Rab8 15. 0-0-0 Kc7 16. e4 dxe4 17. Ng5 Qc6 18. Rhe1 f5 19. dxc5 Ne5 20. Rd6 Qb5 21. Red1 Nd3+ 22. R1xd3 exd3 23. Nxe6+ Kc8 24. b4 Re8 25. Qxa7 Qb7 26. Qa5 Qxg2 27. Qc7# 1-0

[Event "COL-ch U16 Girls final"]
[Site "Medellin"]
[Date "2016.04.12"]
[Round "2"]
[White "Fraile Vela, Maria Isabel"]
[Black "Espana Londono, Angie Lorena"]
[Result "1/2-1/2"]
[WhiteElo "1611"]
[BlackElo "1632"]
[PlyCount "40"]
[EventDate "2016.04.11"]
[EventType "tourn"]
[EventRounds "9"]
[EventCountry "COL"]
[SourceTitle "EXT 2018"]
[Source "ChessBase"]
[SourceDate "2017.10.13"]
[SourceVersion "1"]
[SourceVersionDate "2017.10.13"]
[SourceQuality "1"]

1. e4 c5 2. Nf3 a6 3. d4 cxd4 4. Nxd4 e5 5. Nf3 Nf6 6. Bd3 Be7 7. 0-0 d6 8. Nc3 Bg4 9. Be2 Nbd7 10. Nh4 Bxe2 11. Qxe2 Nxe4 12. Nxe4 Bxh4 13. Nxd6+ Kf8 14. Rd1 Be7 15. Nxb7 Qc7 16. Na5 f6 17. Nc4 Rc8 18. Ne3 a5 19. c3 Nb6 20. Nf5 Rb8 1/2-1/2

[Event "Superate Cat Avanzados A Valle (Women)"]
[Site "Cali"]
[Date "2015.08.09"]
[Round "5.2"]
[White "Espana Londono, Angie Lorena"]
[Black "Cayon, Laura Valentina"]
[Result "1/2-1/2"]
[WhiteElo "1558"]
[BlackElo "1600"]
[PlyCount "67"]
[EventDate "2015.08.07"]
[EventType "swiss"]
[EventRounds "5"]
[EventCountry "COL"]
[SourceTitle "EXT 2024"]
[Source "ChessBase"]
[SourceDate "2023.10.10"]
[SourceVersion "1"]
[SourceVersionDate "2023.10.10"]
[SourceQuality "1"]

1. Nf3 g6 2. g3 d6 3. d4 Bg7 4. Bg2 Nf6 5. c4 0-0 6. 0-0 e5 7. dxe5 dxe5 8. Qxd8 Rxd8 9. Nxe5 Re8 10. f4 Nbd7 11. Nxd7 Nxd7 12. Re1 Nc5 13. Nc3 Bxc3 14. bxc3 Nd3 15. Rd1 Nxc1 16. Raxc1 c6 17. Kf2 Be6 18. Rd4 c5 19. Rd2 Rab8 20. Bd5 Kf8 21. Rb1 b6 22. a4 Rbd8 23. a5 Rd6 24. axb6 axb6 25. Rbd1 Red8 26. Ke1 Ke7 27. e4 f6 28. Ke2 Bg4+ 29. Ke3 Bxd1 30. Rxd1 R6d7 31. Rb1 Rb8 32. Ra1 Kd6 33. h4 h6 34. g4 1/2-1/2

[Event "Pan American-ch U14 Girls"]
[Site "Cali"]
[Date "2015.07.01"]
[Round "6"]
[White "Espana Londono, Angie Lorena"]
[Black "Salas Estrada, Ana Valeria"]
[Result "0-1"]
[WhiteElo "1650"]
[BlackElo "1542"]
[PlyCount "54"]
[EventDate "2015.06.28"]
[EventType "swiss"]
[EventRounds "9"]
[EventCountry "COL"]
[SourceTitle "EXT 2016"]
[Source "ChessBase"]
[SourceDate "2015.10.08"]
[SourceVersion "1"]
[SourceVersionDate "2015.10.08"]
[SourceQuality "1"]

1. e4 c5 2. Nf3 Nc6 3. d4 cxd4 4. Nxd4 Nf6 5. Nc3 e5 6. Nb3 d6 7. Be2 Be7 8. Be3 Be6 9. 0-0 d5 10. exd5 Nxd5 11. Nxd5 Bxd5 12. f3 0-0 13. c3 b6 14. Nd2 Qc7 15. Bf2 Rfd8 16. Qe1 f5 17. Bc4 Bg5 18. Bxd5+ Rxd5 19. Nb3 Rd6 20. Bh4 Bxh4 21. Qxh4 Rh6 22. Qg3 Rf6 23. h3 Rg6 24. Qh2 f4 25. Nd2 Qc8 26. Kf2 Na5 27. Rad1 Qc5+ 0-1

[Event "Cali Region-ch U14 Girls"]
[Site "Cali"]
[Date "2013.04.05"]
[Round "1.3"]
[White "Cardoso Cardoso, Jaidy Marcela"]
[Black "Espana Londono, Angie Lorena"]
[Result "1-0"]
[WhiteElo "1616"]
[BlackElo "1397"]
[PlyCount "37"]
[EventDate "2013.04.04"]
[EventType "swiss"]
[EventRounds "6"]
[EventCountry "COL"]
[SourceTitle "EXT 2024"]
[Source "ChessBase"]
[SourceDate "2023.10.10"]
[SourceVersion "1"]
[SourceVersionDate "2023.10.10"]
[SourceQuality "1"]

1. d4 Nf6 2. c4 e5 3. dxe5 Ng4 4. Nf3 Nc6 5. Bf4 Bb4+ 6. Nbd2 Qe7 7. a3 Ngxe5 8. Nxe5 Nxe5 9. Bxe5 Bxd2+ 10. Qxd2 Qxe5 11. e3 d6 12. Bd3 Be6 13. 0-0 Qg5 14. Qb4 b6 15. Be4 Rd8 16. Qa4+ Rd7 17. Bc6 Bh3 18. Bxd7+ Bxd7 19. Qxa7 1-0

[Event "Valle Region-ch U12 Girls"]
[Site "Ansermanuevo"]
[Date "2012.03.23"]
[Round "2.3"]
[White "Espana Londono, Angie Lorena"]
[Black "Ospina Escobar, Isabela"]
[Result "1-0"]
[WhiteElo "1380"]
[BlackElo "1294"]
[PlyCount "71"]
[EventDate "2012.03.23"]
[EventType "swiss"]
[EventRounds "6"]
[EventCountry "COL"]
[SourceTitle "EXT 2024"]
[Source "ChessBase"]
[SourceDate "2023.10.10"]
[SourceVersion "1"]
[SourceVersionDate "2023.10.10"]
[SourceQuality "1"]

1. e4 c5 2. Nc3 Nc6 3. Bb5 a6 4. Bxc6 dxc6 5. f4 g6 6. Nf3 Bg7 7. d3 Bg4 8. 0-0 Nf6 9. Be3 b6 10. Qe2 0-0 11. Rad1 Qd7 12. d4 Bxf3 13. Rxf3 Qc7 14. dxc5 bxc5 15. Bxc5 Rab8 16. b3 Rfe8 17. Bd4 c5 18. Be5 Qb6 19. Bxb8 c4+ 20. Kh1 Qxb8 21. bxc4 e5 22. fxe5 Rxe5 23. Rfd3 Qc7 24. Qf3 Nh5 25. Qg4 Qxc4 26. Rd8+ Bf8 27. Rc8 Qb4 28. Rdd8 Kg7 29. Rxf8 Ng3+ 30. Qxg3 Rh5 31. Rg8+ Kh6 32. Qf4+ Rg5 33. Nd5 Qb1+ 34. Qf1 Qxa2 35. h3 Qa4 36. Nf6 1-0

[Event "Cali Region-ch U14 Girls"]
[Site "Cali"]
[Date "2012.03.09"]
[Round "2.5"]
[White "Espana Londono, Angie Lorena"]
[Black "Viveros Torres, Erica Johana"]
[Result "0-1"]
[WhiteElo "1380"]
[BlackElo "1535"]
[PlyCount "122"]
[EventDate "2012.03.09"]
[EventType "swiss"]
[EventRounds "7"]
[EventCountry "COL"]
[SourceTitle "EXT 2024"]
[Source "ChessBase"]
[SourceDate "2023.10.10"]
[SourceVersion "1"]
[SourceVersionDate "2023.10.10"]
[SourceQuality "1"]

1. e4 e5 2. Nf3 Nc6 3. Bc4 h6 4. c3 Bc5 5. d4 exd4 6. cxd4 Bb4+ 7. Bd2 Bxd2+ 8. Nbxd2 d6 9. Qb3 Qf6 10. d5 Nd4 11. Nxd4 Qxd4 12. Rd1 Nf6 13. Bd3 0-0 14. 0-0 Bg4 15. Rc1 Rac8 16. Rc4 Qb6 17. Qxb6 cxb6 18. Rxc8 Rxc8 19. f3 Bh5 20. Nb3 Nd7 21. g4 Bg6 22. f4 Bh7 23. Rc1 Rxc1+ 24. Nxc1 Nc5 25. f5 g6 26. Kf2 Kg7 27. b3 Kf6 28. h4 g5 29. h5 Ke5 30. Ke3 Nd7 31. Be2 Kf6 32. Nd3 Ke7 33. Kd4 f6 34. a4 Kd8 35. b4 Kc7 36. b5 Nc5 37. Nxc5 bxc5+ 38. Kc3 Kb6 39. Kb3 Ka5 40. Ka3 Bg8 41. Bd3 Bf7 42. Bc2 Be8 43. Bd1 a6 44. bxa6 bxa6 45. Bc2 Bd7 46. Bd1 c4 47. Bc2 Bb5 48. axb5 axb5 49. Kb2 b4 50. Ka2 Kb5 51. Kb2 Kc5 52. Kc1 b3 53. Bd1 Kb4 54. Kb2 c3+ 55. Kb1 c2+ 56. Bxc2 bxc2+ 57. Kxc2 Kc4 58. Kd2 Kd4 59. Ke2 Kxe4 60. Kf2 Kf4 61. Kg2 Kxg4 0-1

[Event "Valle Region-ch U16 Girls"]
[Site "Cali"]
[Date "2012.02.17"]
[Round "3.3"]
[White "Espana Londono, Angie Lorena"]
[Black "Cardoso Cardoso, Jaidy Marcela"]
[Result "0-1"]
[WhiteElo "1344"]
[BlackElo "1533"]
[PlyCount "25"]
[EventDate "2012.02.16"]
[EventType "swiss"]
[EventRounds "7"]
[EventCountry "COL"]
[SourceTitle "EXT 2024"]
[Source "ChessBase"]
[SourceDate "2023.10.10"]
[SourceVersion "1"]
[SourceVersionDate "2023.10.10"]
[SourceQuality "1"]

1. e4 c5 2. Nc3 Nc6 3. f4 e6 4. Bb5 Qb6 5. d3 Nd4 6. Bc4 Ne7 7. Nf3 Nec6 8. Bd2 Qxb2 9. 0-0 Qxc2 10. Qxc2 Nxc2 11. Rac1 N2d4 12. Nxd4 Nxd4 13. f5 0-1

[Event "Valle Region-ch U16 Girls"]
[Site "Cali"]
[Date "2012.02.16"]
[Round "2.2"]
[White "Viveros Torres, Erica Johana"]
[Black "Espana Londono, Angie Lorena"]
[Result "0-1"]
[WhiteElo "1516"]
[BlackElo "1344"]
[PlyCount "47"]
[EventDate "2012.02.16"]
[EventType "swiss"]
[EventRounds "7"]
[EventCountry "COL"]
[SourceTitle "EXT 2024"]
[Source "ChessBase"]
[SourceDate "2023.10.10"]
[SourceVersion "1"]
[SourceVersionDate "2023.10.10"]
[SourceQuality "1"]

1. e4 e5 2. Nf3 Nc6 3. Bb5 Bc5 4. 0-0 d6 5. d4 exd4 6. Nxd4 Bd7 7. Nxc6 Bxc6 8. Bxc6+ bxc6 9. Re1 Ne7 10. Qg4 Bd4 11. c3 Bf6 12. Bf4 Rb8 13. Re2 Ng6 14. Bg3 0-0 15. Na3 Re8 16. Rae1 Be5 17. Nc4 Bxg3 18. Qxg3 d5 19. Nd2 Rxb2 20. exd5 Rxe2 21. Rxe2 Rxa2 22. Qe3 cxd5 23. Nf3 Rxe2 24. Qxe2 0-1